| 000 | 01934njm0a22004331 4500 | ||
|---|---|---|---|
| 001 | RU\NLR\ONIZ\196721 | ||
| 005 | 20250708192134.0 | ||
| 035 | _a(NLR Aleph) 010404481 | ||
| 035 | _aRU\NLR\ONIZ\GALA\5000003744\20110524194572 | ||
| 071 | 0 | 0 | _aNS 0604 |
| 090 |
_a13282122 _c13282122 |
||
| 100 | _a20110524d2006 |||y0rusy50 ca | ||
| 102 | _aRU | ||
| 126 |
_aaxuxxxu ux _bxxx |
||
| 127 | _a000041 | ||
| 200 | 1 |
_aНа полпути _bЗвукозапись _fС. Орлов |
|
| 210 |
_aВладивосток _cNovikovStudio _d2006 |
||
| 215 |
_a1 зв. диск (41 мин.), в футл. _eприл. (12 с.) |
||
| 327 | 1 |
_a1. Лететь; _a2. Полпути; _a3. Последнее свидание; _a4. Без тебя; _a5. Где ты теперь; _a6. Помнишь; _a7. Зимняя; _a8. Adagio da capo; _a9. Лишь сердце знает; _a10. Звезда; _a11. Помнишь : speeded/remixed version |
|
| 464 | 0 |
_12001#$aAdagio da capo _tAdagio da capo |
|
| 464 | 0 |
_12001#$aБез тебя _tБез тебя |
|
| 464 | 0 |
_12001#$aГде ты теперь _tГде ты теперь |
|
| 464 | 0 |
_12001#$aЗвезда _tЗвезда |
|
| 464 | 0 |
_12001#$aЗимняя _tЗимняя |
|
| 464 | 0 |
_12001#$aЛететь _tЛететь |
|
| 464 | 0 |
_12001#$aЛишь сердце знает _tЛишь сердце знает |
|
| 464 | 0 |
_12001#$aПолпути _tПолпути |
|
| 464 | 0 |
_12001#$aПомнишь _tПомнишь |
|
| 464 | 0 |
_12001#$aПомнишь$espeeded/remixed version _tПомнишь |
|
| 464 | 0 |
_12001#$aПоследнее свидание _tПоследнее свидание |
|
| 700 | 1 |
_aОрлов _bС. _cавтор-исполнитель _gСергей _4070 |
|
| 801 | 0 |
_aRU _bNLR _c20110524 _gPSBO |
|
| 801 | 1 |
_aRU _bNLR _c20110524 _2rusmarc |
|
| 801 | 2 |
_aRU _bNLR _c20151105 |
|
| 852 |
_aNLR _bМг _jД/1203 _p2749 _t1 |
||
| 942 | _cREC | ||
| 980 | _aNB | ||
| 980 | _aONIZ | ||